Logo Biblioteca

Van Gogh / (Registro nro. 813)

Detalles MARC
000 -LEADER
fixed length control field 00732nam a22002297a 4500
003 - CONTROL NUMBER IDENTIFIER
control field OSt
005 - DATE AND TIME OF LATEST TRANSACTION
control field 20251201151413.0
008 - FIXED-LENGTH DATA ELEMENTS--GENERAL INFORMATION
fixed length control field 251201s2003 ag ||||| |||| 00| 0 spa d
020 ## - INTERNATIONAL STANDARD BOOK NUMBER
International Standard Book Number 84-89780-56-0
040 ## - CATALOGING SOURCE
Transcribing agency AR-RoUNCS
Original cataloging agency AR-RoUNCS
080 ## - UNIVERSAL DECIMAL CLASSIFICATION NUMBER
Authority record control number or standard number 75Miguel Ángel
245 00 - TITLE STATEMENT
Title Van Gogh /
Statement of responsibility, etc. presentación de Delfín Rodríguez.
250 ## - EDITION STATEMENT
Edition statement 1a ed.
260 ## - PUBLICATION, DISTRIBUTION, ETC.
Place of publication, distribution, etc. Milano :
Name of publisher, distributor, etc. Gen40,
Date of publication, distribution, etc. 2003.
300 ## - PHYSICAL DESCRIPTION
Extent 189 p. :
Other physical details il. col. ;
Dimensions 21 cm.
490 0# - SERIES STATEMENT
Series statement Los Grandes Genios de la Pintura ;
Volume/sequential designation 3
600 14 - SUBJECT ADDED ENTRY--PERSONAL NAME
Personal name Gogh, Vincent van
Dates associated with a name 1853-1890
Fuller form of name Gogh, Vincent-Willem van,
General subdivision Cítica e interpretación
650 #7 - SUBJECT ADDED ENTRY--TOPICAL TERM
Source of heading or term embne
Topical term or geographic name entry element Pintores
Chronological subdivision Siglos XIX
655 #7 - INDEX TERM--GENRE/FORM
Source of term embne
Genre/form data or focus term Catálogo de exposiciones
700 1# - ADDED ENTRY--PERSONAL NAME
Personal name Rodríguez, Delfín.
942 ## - ADDED ENTRY ELEMENTS (KOHA)
Source of classification or shelving scheme Universal Decimal Classification
Koha item type Obra General
Suppress in OPAC No
Existencias
Withdrawn status Lost status Source of classification or shelving scheme Damaged status Not for loan Collection Home library Current library Date acquired Source of acquisition Total checkouts Total renewals Full call number Barcode Date last seen Date last checked out Price effective from Koha item type
    Universal Decimal Classification     Colección General Biblioteca Escuela de Ciencias Sociales Biblioteca Escuela de Ciencias Sociales 01/12/2025 Donación 2024 1 1 75Van Gogh V253 001217 21/05/2026 23/04/2026 01/12/2025 Obra General
Biblioteca de la Escuela Preuniversitaria en Ciencias Sociales y Humanísticas.
Riobamba 250 bis.
CP 2000 - Rosario - Santa Fe
E-Mail: biblioteca@esociales.unr.edu.ar